[Event "ISR-chT"]
[Site "Israel"]
[Date "1997.??.??"]
[Round "2"]
[White "Zoler, Dan"]
[Black "Alterman, Boris"]
[Result "1/2-1/2"]
[WhiteElo "2465"]
[BlackElo "2595"]
[Annotator "Alterman,B"]
[PlyCount "66"]
[EventDate "1997.??.??"]
[EventType "team"]
[EventRounds "11"]
[EventCountry "ISR"]
[SourceTitle "CBM 059"]
[Source "ChessBase"]
[SourceDate "1997.08.01"]
[SourceVersion "1"]
[SourceVersionDate "1997.08.01"]
[SourceQuality "1"]

1. Nf3 d5 2. d4 Nf6 3. c4 c6 4. cxd5 cxd5 5. Nc3 Nc6 6. Bf4 Ne4 7. e3 Nxc3 8.
bxc3 g6 9. Ne5 (9. Be2 Bg7 10. O-O O-O 11. c4 dxc4 12. Bxc4 Bf5 13. Rc1 Rc8 14.
Qe2 a6 15. h3 Na5 16. Bd3 Bxd3 17. Qxd3 Qd7 18. Rc3 b5 $1 19. Rfc1 Nc4 $15 {
0-1 Portisch,L-Kramnik,V/Biel (izt) 58/398 1993 (42)}) (9. Bd3 Bg7 10. O-O O-O
11. e4 Bg4 12. h3 Bxf3 13. Qxf3 e5 14. dxe5 d4 $1 $11) (9. Bb5 Bg7 10. Ne5 Bxe5
11. Bxe5 O-O 12. Bxc6 bxc6 13. Qa4 Bf5 14. O-O Qb6 $11 {Ivanov,I-Shabalov,A/
New York op/1994/}) 9... Qa5 $1 (9... Bg7 $2 10. Nxc6 bxc6 11. Qa4 $1 $16 Qd7
$8 (11... Bd7 $2 12. Ba6 $18) (11... O-O {N} 12. Qxc6 $18 (12. Qxc6 $8 e5 $1 (
12... Qa5 13. Bc7 Qa3 14. Bd3 $16) 13. Bxe5 $1 (13. Qxa8 exf4 $1 14. Qxa7 fxe3
15. fxe3 Qh4+ 16. Kd1 Qf2 17. Be2 Qxe3 18. Rc1 Bh6 19. Rc2 Bf5 $19) 13... Bxe5
14. dxe5 Qa5 15. Bd3 Bb7 $6 {1/2-1/2 Cifuentes Parada,R-Akopian,V/Linares op ,
CBM 51 1996 (22)} (15... Be6 $1 16. O-O Rfc8 17. Qa6 Qxc3 18. Rab1 Qxe5 19. Rb7
d4 $11))) 12. Be2 O-O 13. O-O Re8 14. Rfd1 e5 15. dxe5 Bxe5 16. Bxe5 Rxe5 17.
c4 Qc7 $8 18. cxd5 Rxd5 19. Rxd5 $6 (19. Bf3 $1 Rxd1+ 20. Rxd1 Bd7 21. h4 $16)
19... cxd5 20. Rd1 (20. Qe8+ $6 Kg7) 20... Be6 21. Bf3 Rb8 22. h4 $1 Qc5 23. h5
(23. Qf4 $5 {Andersson,U} Rb2 24. h5 Rxa2 25. h6 Rc2 26. Bxd5 $1) 23... g5 $8
24. h6 $8 Kf8 $1 25. a3 a5 $1 (25... Ke7 $2 26. Bg4 $1) 26. e4 (26. Bg4 Qc4 $1
27. Qxc4 dxc4 28. Bxe6 fxe6 29. Rd7 Rc8 30. Rxh7 Kg8 $11) 26... Rb2 27. Qd4
Qxd4 28. Rxd4 {1/2-1/2 Andersson,U-Lalic,B/Benasque 61/378 1994 (45)}) 10. Qb3
Bg7 11. Bb5 (11. Nxc6 bxc6 12. a3 e5 13. dxe5 O-O 14. Bd3 c5 15. Qc2 c4 16. Be2
Bf5 17. Qd2 Rab8 18. O-O Rb3 19. Rfd1 Qxc3 20. Qxd5 Be6 21. Qd4 Qc2 22. Re1 Qb2
23. Bd1 Rbb8 24. Re2 Qb6 25. Bc2 {Eingorn,V-Dorfman,J/Moscow GMA-qual f (11)
1990/1/2-1/2 (66)}) 11... Bxe5 12. Bxe5 O-O 13. Bxc6 (13. Bg3 a6 $1 14. Bxc6 (
14. Be2 Qd8 15. O-O Na5 16. Qb4 Be6 $11) 14... bxc6 15. O-O Ra7 16. Qb4 Qxb4
17. cxb4 a5 18. a3 Ba6 19. Rfc1 Bc4 20. bxa5 Rxa5 21. e4 Rfa8 22. Rc3 {Kajnih,
D-Payen,A/Eger (06) ,EXT 94 1994/0-1 (60)}) (13. Bg3 $1 Bd7 14. a4 $1 (14. Be2
Rfc8 15. O-O Nd8 $11) 14... Rfc8 (14... Nxd4 $2 15. exd4 Bxb5 16. Qxb5 Qxc3+
17. Ke2 Qc2+ 18. Kf1 $16) (14... a6 15. Be2) 15. O-O $14) 13... bxc6 14. O-O
Ba6 15. Rfb1 Rac8 16. Qb4 $11 Qxb4 17. Rxb4 Bb5 18. Rb3 Rfd8 19. Ra3 Rd7 (19...
a6 20. Ra5 f6 21. Bg3 c5 22. a4 Bc4 23. dxc5 $2 (23. Rxc5 Rxc5 24. dxc5 Rc8 25.
Rb1 Rxc5 26. Rb8+ Kf7 27. Rb7 Rc6 28. h4 Bd3 29. Rc7 Rb6 30. a5 $11) 23... Rc6
{xRa5}) 20. Rb1 f6 21. Bg3 Bd3 22. Rb2 (22. Rb8 Rxb8 23. Bxb8 Rb7 24. Rb3 Bb5
25. Bg3 $11) 22... c5 23. h4 a6 24. Ra5 (24. Rb8 Rxb8 25. Bxb8 cxd4 26. cxd4
$11) 24... cxd4 25. cxd4 Bb5 26. a4 $1 Rc1+ 27. Kh2 Ra1 28. Raxb5 $1 axb5 29.
axb5 Rb7 30. b6 Kf7 31. Bc7 Ke6 32. Rc2 Rb1 33. Ra2 R7xb6 1/2-1/2

[Event "Belgrade Trophy 26th"]
[Site "Belgrade"]
[Date "2012.11.28"]
[Round "5"]
[White "Atalik, Suat"]
[Black "Stojanovic, Dalibor"]
[Result "1/2-1/2"]
[WhiteElo "2595"]
[BlackElo "2488"]
[Annotator "Atalik,S"]
[PlyCount "164"]
[EventDate "2012.11.24"]
[EventType "swiss"]
[EventRounds "9"]
[EventCountry "SRB"]
[SourceTitle "CBM 152"]
[Source "ChessBase"]
[SourceDate "2013.01.15"]
[SourceVersion "1"]
[SourceVersionDate "2013.01.15"]
[SourceQuality "1"]

1. d4 d5 2. c4 c6 3. Nf3 Nf6 4. cxd5 cxd5 5. Nc3 Nc6 6. Bf4 {There are some
new developments in the Exchange Slav.} Qb6 $5 {An old move championed by
Ehlvest.} (6... Nh5 7. Bd2 (7. Be5 e6 (7... f6 8. Bg3 e5 9. e3 Nxg3 10. hxg3
$13) 8. e3 Be7 9. Bd3 (9. h3 $5) 9... O-O 10. h3 $13) 7... Nf6 8. e3 e6 9. Ne5
{is this an advantage?}) (6... Bg4 $6 7. Ne5 Qb6 8. Nxc6 (8. Nxg4 Nxg4 9. e4 e5
10. Bd2 (10. Bb5 Nf6 11. Bxc6+ bxc6 12. dxe5 Nxe4 13. O-O Nxc3 14. bxc3 $16)
10... f5 11. exf5 Qxd4 12. Qf3 $16) 8... bxc6 9. f3 Bf5 10. Na4 $16) (6... e6 {
The most solid approach.} 7. e3 Nh5 (7... Bd6 8. Bd3 $5 O-O 9. O-O Bxf4 10.
exf4 Qd6 11. Qd2 $14) (7... Be7 8. h3 $5 Bd6 9. Bd3 $13) 8. Be5 Be7 9. h3 Nf6
10. Bd3 Nxe5 11. dxe5 Nd7 12. Qc2 $36) (6... Ne4 7. e3 Nxc3 8. bxc3 g6 9. Bb5 (
9. Ne5 Bg7 10. Bb5 Bxe5 11. Bxe5 O-O 12. Bg3 $5 $13) 9... Bg7 10. O-O O-O 11.
Bxc6 bxc6 12. Qa4 Bd7 13. Rab1 $14) (6... a6 {The modern line which may evolve
from Chebanenko's Slav as well.} 7. Ne5 {Jobava's contribution reshaped the
line.} Qb6 8. Nxc6 bxc6 9. f3 $1 {is the main idea saving the f2-square for
the king.} Qxb2 10. Na4 Qb4+ 11. Kf2 Bf5 {There are many sharp lines in this
position.} 12. e3 (12. a3 Qa5 13. g4 Bg6 14. Rc1 Nd7 (14... e6 15. Rxc6 Bxa3
16. e3 O-O 17. Bc7 Qb4 18. Bd6 Qxd6 19. Rxd6 Bxd6 20. h4 h5 21. g5 Nd7 22. Bd3
Rfc8 23. Bxg6 fxg6 24. Qd3 Rc4 25. Ra1 Rac8 26. f4 Kf7 27. Kf3 $14) 15. Rxc6 e5
16. dxe5 Nc5 (16... Qb5 17. Rc7 Nb6 18. Nc3 Qa5 19. e3 Bc5 20. Bb5+ axb5 21.
Rxc5 Qxa3 22. Qd4 Na4 23. Nxa4 Qxa4 24. Rxd5 O-O 25. e4 $14) (16... Be7 17. e6
fxe6 18. Rxe6 O-O 19. Rxe7 Rxf4 20. Rxd7 Rxa4 21. Qxd5+ Qxd5 22. Rxd5 Rxa3 23.
Bg2 $16) 17. Nb6 Rd8 18. Bg5 Ne6 19. Bxd8 Nxd8 20. Rxg6 hxg6 21. Nxd5 Nc6 22.
e3 Bc5 23. Bxa6 O-O 24. Qc2 Rd8 25. Rd1 Rxd5 26. Rxd5 Bxe3+ 27. Kxe3 Qxd5 28.
Qc3 Nxe5 29. Be2 g5 30. a4 $14) 12... Nd7 $1 13. g4 Bg6 14. Rc1 e5 (14... e6
15. Qb3) 15. dxe5 Nc5 16. Nxc5 Bxc5 17. h4 h6 (17... h5 18. gxh5 Rxh5 19. Kg3
Qa3 20. Bh3 $40) 18. h5 Bh7 19. Bd3 Bxd3 20. Qxd3 Qxf4 (20... O-O 21. Kg3) 21.
Rxc5 Qxe5 22. Rxc6 O-O 23. Qd4 $14) (6... Bf5 7. Qb3 $5 Na5 (7... Qb6 8. Qxb6
axb6 9. e3 e6 10. a3 Be7 11. Be2 O-O 12. O-O Rfc8 13. Rfc1 $14) 8. Qa4+ Bd7 9.
Qc2 Rc8 10. e3 b5 (10... e6 11. Bd3 Be7 (11... Bb4 12. O-O Nc4 13. Rfc1 O-O 14.
Qb3 $5 Bd6 15. Bxd6 Nxd6 16. Ne5 $14) 12. O-O O-O 13. Ne5 Nc4 14. Qe2 Nd6 $14)
(10... Ne4 11. Bd3 Nxc3 12. bxc3 e6 13. Rb1 h6 14. Ne5 Be7 15. e4 $40) 11. a3
e6 12. Bd3 Nc4 (12... b4 13. axb4 Bxb4 14. O-O O-O 15. Ne5 $14) 13. O-O Be7 14.
h3 $14) 7. Na4 $5 {I decided on this one over the board.} ({However I was
aware of Andersson's} 7. a3 $142 e6 (7... Bg4 8. Na4 Qd8 9. Ne5 e6 10. f3 Bf5
11. g4 Bg6 12. h4 $16) (7... Bf5 8. Na4 Qd8 9. e3 e6 10. Qb3 $16) 8. e3 Bd7 9.
Bd3 Be7 10. O-O O-O 11. Na4 Qd8 12. Nc5 Bxc5 13. dxc5 $14) 7... Qa5+ 8. Bd2 Qd8
9. e3 e6 (9... Ne4 10. Bd3 e6 (10... Bg4 $6 11. Qb3 Nxd2 12. Nxd2 e5 13. O-O
$40) 11. O-O {transposes to the text.}) 10. Bd3 (10. Bb5 Bd7 11. O-O {is a
viable alternative.}) 10... Ne4 (10... Bd6 11. O-O O-O) 11. O-O Bd6 12. Bxe4
$146 {I decided to sacrifice a pawn, otherwise in this confined position White
could not aim for an advantage.} ({I did not like} 12. Be1 O-O 13. Nd2 Nxd2 14.
Bxd2 e5 $132) ({or} 12. Rc1 O-O 13. a3 Bd7 14. b4 b6 15. Nc3 f5 $15) 12... dxe4
13. Ne5 Nxe5 (13... Bd7 14. Nc4 $1 Be7 15. Nc5 $16) 14. dxe5 Bxe5 15. Qh5 $1 (
15. Bc3 Qxd1 16. Rfxd1 Bxc3 17. Nxc3 Bd7 18. Nxe4 Ke7 19. Nd6 Bc6 20. e4 $14 {
did not seem to give enough.}) 15... Qd5 $1 (15... Bxh2+ $2 16. Kxh2 Qxd2 17.
Rfd1 Qb4 18. Rd4 (18. Qg5 $6 O-O 19. Rd4 h6) 18... Qe7 19. Qb5+ Kf8 20. Rc1 $1
{and Black would have terrible difficulties to complete his development.} (20.
Rad1 $6 g6 21. Nc3 Kg7) 20... b6 (20... g6 21. Qe5 f6 22. Qa5 $18) 21. Qe5 f6
22. Qc7 Qxc7+ 23. Rxc7 $18) 16. Rfd1 Bf6 17. Qxd5 (17. Qe2 $2 Qd3 18. Qe1 Qb5
19. Nc3 Qf5 $17) 17... exd5 18. Bc3 Bd7 $1 {So far he has shown the prudence
of the old school.} ({After} 18... Be6 19. Bxf6 gxf6 20. Rac1 (20. Nc3 O-O-O
21. Rd4 Rd7 22. Rad1 Rhd8 23. f3 f5 24. Kf2 $14) 20... O-O 21. Nc3 (21. Rc7 $2
Rab8 22. Rdc1 Rfc8 $15) 21... Rac8 22. Rd4 f5 23. Rcd1 Rfd8 24. f3 exf3 25.
gxf3 $14 {only White could try for a win.}) 19. Bxf6 Bxa4 20. Bxg7 Bxd1 21.
Bxh8 Be2 {Draw offer.} 22. Bd4 Kd7 23. f4 $1 (23. Rc1 Rg8 24. Be5 Rc8 $11)
23... exf3 24. Kf2 Bd3 (24... Rc8 25. Bc3 $14 (25. gxf3 Rc2 26. Kg3 a6 27. h4
h5 28. Kf4 Bd3 29. Rg1 Bg6 30. Rg5 Kd6 $11)) 25. gxf3 Bg6 $6 {A strange move,
difficult to explain somehow.} 26. Kg3 $14 {This is a very instructive
position.} (26. a4 Rc8) 26... b6 $6 {Bishops have some strange relationship
with the colours of pawn chains.} ({Therefore he had to chose among one of the
alternatives.} 26... a5 27. Kf4 Rc8 28. Bc3 (28. Ke5 Rc2 $132) 28... a4 29. a3
Ke6 $11) (26... a6 27. a4 Rc8 28. Ra3 Rc6 29. Rb3 Kc8 30. Kf4 Bc2 31. Ra3 Kd7
32. a5 Rh6 $11) 27. a4 Bd3 28. a5 b5 (28... Rg8+ 29. Kf4 Rg2 30. a6 (30. axb6
axb6 31. Ra7+ Ke6 32. Rb7 Rxh2 33. Rxb6+ Kd7 34. b4 $14) 30... Rxh2 31. Bxb6
Rh6 $11) 29. Kf4 {I chose this} ({over} 29. a6 b4 30. Ra5 (30. Kf4 b3) 30...
Bc4 31. Kf4 b3 32. Ke5 Rg8 33. f4 Rg6 34. Bxa7 Re6+ 35. Kd4 Rxa6 36. Rxa6 Bxa6
37. Kxd5 f5 38. Kd4 Be2 $11) 29... a6 $1 30. Rg1 (30. b4 Rg8) 30... Rc8 31. Rg5
$1 (31. b4 Rc4 32. Ke5 Rxb4 33. Rg7 Ke8 34. Rg8+ Kd7 35. Ra8 Ra4 36. Rxa6 b4
37. Rd6+ Kc8 38. Rxd5 b3 $132) (31. Ke5 Re8+ 32. Kxd5 Be2 33. f4 (33. Rg3 Re6
$44) 33... Re6 $1 34. b3 $1 (34. Rg7 Bf3+ 35. Kc5 Rc6+ 36. Kb4 Rc4+ 37. Ka3 b4+
38. Kb3 Bd5 39. e4 Rxd4+ 40. exd5 Rxf4 41. Rxh7 Kd6 $11) 34... Rg6 $11) 31...
Kd6 32. h4 (32. b4 Rc4 33. Rg8 Rxb4 34. Ra8 Ra4 35. Rxa6+ Kd7 36. Ke5 b4 $132)
32... b4 $1 33. h5 $2 {This has unnecessarily broadened the space on the
king's wing.} (33. Rh5 Rc1 34. Rh6+ Ke7 (34... Bg6 $2 35. h5 Rh1 36. hxg6 Rxh6
37. gxf7 Ke7 38. Bg7 Rh4+ 39. Kg5 Kxf7 40. Kxh4 Kxg7 41. Kg5 Kf7 42. Kf5 h6 43.
f4 $18) 35. Rb6 Rf1 36. Rxb4 Be2 37. Rb7+ Ke6 38. Rb6+ Kd7 39. Ke5 Rxf3 40.
Rd6+ Ke8 41. Kxd5 Ke7 42. Rh6 Rf5+ 43. Kc6 Rh5 44. Rd6 Rf5 $1 $14) 33... b3 34.
Rg7 Ke6 35. Rg1 $5 {White should avoid his king being stuck on the king's
flank.} (35. Kg5 $2 Rc1 36. Kh6 Rh1 37. Rg5 Bg6 $1 $11) 35... Rc2 $2 $138 {
The rook should not leave the back rank.} (35... h6 $1 36. Ra1 Rc2 37. Ra4 Rc4
38. Rxc4 dxc4 39. e4 f5 40. e5 Be2 41. Ke3 Bd1 42. Bc3 Kd5 43. Kf4 Ke6 $11) 36.
Rg8 Rh2 37. Re8+ Kd7 $1 {The rook should be attacked immediately.} (37... Kd6
$2 38. Kg5 Be2 39. Rb8 Bxf3 40. Rb6+ Kd7 41. Rxa6 Rxh5+ 42. Kf4 $18) 38. Re5
Kd6 39. Kg5 Rh3 (39... Rxh5+ $2 {might have been risky} 40. Kxh5 f6 41. Rxd5+
Kxd5 42. Bxf6 $18 {due to the pair of connected passed pawns.}) 40. Kg4 (40. f4
Be2 41. Kf6 Rxh5 42. Kxf7 Rxe5 43. fxe5+ Kd7 44. e6+ Kd6 45. Kf6 Bh5 46. Be5+
Kc5 47. Kg7 Bg6 48. e7 Kc6 49. Kf8 Kd7 $11) 40... Rh1 41. Re8 Rg1+ 42. Kf4 Rh1
43. Rd8+ Kc6 (43... Ke6 $2 44. Bc5 Rh4+ 45. Kg5 Rc4 46. Rd6+ Ke5 47. f4+ Ke4
48. Bd4 Rc7 49. f5 $1 $18) 44. Rf8 (44. Kg5 Be2 45. f4 Bxh5 (45... Rxh5+ 46.
Kf6) 46. Rb8 Be2 47. Rxb3 Bb5 48. Rc3+ Kd6 49. Kf6 Kd7 50. Be5 Bc6 51. f5 h5
$132) 44... Rxh5 45. Rxf7 Kd6 46. Rf6+ Ke7 47. Rb6 Rf5+ $2 $138 {This simply
loses a pawn.} (47... Bb5 $5 48. Kg3 Rh1 49. f4 Rh5 50. Be5 Bc4 $11) 48. Kg3
Rg5+ (48... Bc4 49. Rb7+) 49. Kf2 Rg6 50. Rxb3 {Despite the extra pawn things
are far from being clear.} (50. Rb7+ Kd6 51. Rxb3 Bb5 52. Rc3 Bd7 53. Rc1 Bh3
54. f4 Rg2+ 55. Kf3 Rg6 56. Be5+ Ke6 57. Rc7 h5 58. Ra7 Bg4+ 59. Kf2 Kf5 $132)
(50. Bc5+ Kd7 51. Rxb3 Bb5 52. Rc3 h5 $132) 50... Bb5 51. Rc3 Rc6 52. Bc5+ Kf6
53. Rc1 Kf5 54. b4 Rh6 $6 ({His chances lay in} 54... h5 $132) 55. Rd1 Ke6 56.
Rg1 (56. Rd4) 56... Rh2+ 57. Kg3 Rh6 58. Rc1 Rg6+ 59. Kf2 Rh6 60. Bd4 Bc4 61.
Rg1 Rh2+ (61... Rg6 $2 62. Rh1 h6 63. Rh5 $18) 62. Kg3 Rh6 63. Rc1 ({No
improvement could be seen after} 63. Kf4 Rh4+ 64. Kg5 Rh3 65. Kg4 Rh6 66. Rc1
Rg6+ 67. Kf4 Rh6) 63... Rg6+ 64. Kf4 Rh6 65. e4 $2 {Obviously the only chance
left, but the timing of this thrust had to be well prepared.} Rh4+ $2 ({
He could have immediately equalised with} 65... dxe4 $1 66. fxe4 (66. Rxc4 Kd5
67. Bg7 Kxc4 68. Bxh6 exf3 69. Kxf3 Kxb4 $11) 66... Rh4+ 67. Ke3 Rh3+ 68. Kf2
$14) 66. Kg3 Rh6 67. Be3 (67. e5 Kf5 $132) 67... Rg6+ 68. Kf2 Bb5 (68... h5
$142 $132) 69. exd5+ Kxd5 70. Rc5+ (70. Rc7 Bd3 $1 71. Rxh7 Rg2+ $11) 70... Ke6
71. Rh5 Rg7 72. f4 $16 {White is not only a pawn up but he has succeeded in
pushing Black's pieces away.} Rf7 73. Re5+ Kf6 $4 {Hehas just stepped on to a
mined square!} (73... Kd7 74. f5 Re7 75. Rd5+ Ke8 76. Bc5 Rd7 77. Re5+ Kf7 78.
Kg3 Rd1 79. Kg4 $1 (79. Kf4 Rf1+ 80. Kg5 h6+ 81. Kxh6 Kf6 $11) 79... Bd7 80.
Bf2 Kf6 81. Rc5 h5+ $11) 74. Bd4 $18 Rd7 (74... Kg6 75. Rg5+ Kh6 76. Kg3 Bd7
77. Be5 $18 {and he is helpless against the combined march of White's small
army.} Bc8 78. Kh4 Bd7 79. b5 axb5 (79... Bxb5 80. f5 $18) 80. a6 Bc8 81. Bd6
$1 {The easiest since there would be no need to play QvsR+hP ending.} (81. f5
Bxf5 82. Rxf5 Rxf5 83. a7 Rf8 (83... Rh5+ 84. Kg4 Rg5+ 85. Kf4 Rg8 86. Bb8 $18)
(83... Rxe5 84. a8=Q Rh5+ 85. Kg4 Rg5+ 86. Kf4 Kh5 87. Qe8+ Kh6 88. Qd8 Rg6 89.
Qf8+ Kh5 90. Qc5+ Kh6 91. Qxb5 Kg7 92. Qb7+ Kg8 93. Kf5 Kh8 94. Qf7 Rg7 95.
Qf8+ Rg8 96. Qf6+ Rg7 97. Ke6 $18) 84. Bb8 $18) 81... Bxa6 82. f5 Bc8 83. Bf4
$18) 75. Bc3 $4 {I was too lazy to calculate the exchange of bishops with 3
minutes remaining on my clock.} (75. Rxb5+ Rxd4 76. Ke3 Rc4 77. Rb6+ Kf5 (77...
Kg7 $5 78. Rxa6 $1 {The simplest.} (78. Kf3 h5 79. Kg3 Kf7 80. f5 (80. Kh4 $2
Rxf4+ 81. Kxh5 Ke7 82. Kg5 Rf8 $1 $11 {would have drawn since the king would
be cut off.} (82... Rc4 $2 83. Kf5 Rc8 (83... Kd7 84. Ke5 $18) 84. Ke5 Ra8 85.
Kd5 Kd7 86. Rb7+ $18) 83. Rxa6 $140 Rb8) 80... Ke7 81. Rxa6 Rxb4 82. Ra8 Kf6
83. a6 Rg4+ 84. Kf3 Rg7 85. Ke4 (85. a7 $2 Rf7 $1 86. Kf4 h4 87. Kg4 h3 88.
Kxh3 Kxf5 89. Kg3 Rg7+ {and Black establishes the famous mechanism.} (89... Kf6
90. Kf4 Kg6+ 91. Ke5 Rg7) 90. Kf3 Kg6 91. Ke4 Kg5 92. Kd5 Kg4 93. Kc6 Kg5 94.
Kb6 Rg6+ 95. Kc7 Rg7+ 96. Kd6 Kg6 $11) 85... h4 86. Kf4 Rd7 87. Re8 $1 $18 (87.
a7 Rf7 $11)) 78... Rxb4 79. Ra8 Ra4 80. a6 h5 81. a7 h4 82. Kf3 $18) 78. Kd3 $1
Rxf4 79. Kc3 $1 {I missed this idea during the game.} Ke5 80. Rxa6 Kd5 81. Kb3
$18) 75... Kf7 76. f5 (76. Rc5 Rd3 77. f5 h5 78. f6 h4 $11) 76... Rc7 77. Re3
$5 ({The obvious} 77. Rc5 Rxc5 78. bxc5 h5 79. Kg3 Bd7 80. f6 Kg6 81. Bd4 Kf7
82. Kf4 Ke6 83. Kg5 Be8 84. Bf2 Bf7 85. Bg3 Be8 86. Bh4 Kd5 87. Bf2 Ke6 $11 {
ought to lead to a draw.}) 77... h5 78. Kg3 (78. Rg3 Rc4 79. f6 Kf8 80. Be5 Rg4
$132) 78... Rd7 $1 $11 {This was even better} ({than} 78... Rc4 79. f6 h4+ $11)
79. Kh4 {Anyway the exchange on d3 had already become unavoidable.} Rd3 80.
Rxd3 Bxd3 81. Kxh5 Bxf5 82. Kg5 Bd3 1/2-1/2

[Event "Paracin Summer op-A 10th"]
[Site "Paracin"]
[Date "2017.07.14"]
[Round "9"]
[White "Atalik, Suat"]
[Black "Fernandez, Daniel Howard"]
[Result "1/2-1/2"]
[WhiteElo "2525"]
[BlackElo "2485"]
[Annotator "Atalik,S"]
[PlyCount "40"]
[EventDate "2017.07.07"]
[EventType "swiss"]
[EventRounds "9"]
[EventCountry "SRB"]
[SourceTitle "CBM 180"]
[Source "ChessBase"]
[SourceDate "2017.09.13"]
[SourceVersion "1"]
[SourceVersionDate "2017.09.13"]
[SourceQuality "1"]

1. d4 d5 2. c4 c6 3. Nf3 Nf6 4. Nc3 a6 5. cxd5 cxd5 6. Bf4 Nc6 7. Ne5 Bd7 {
Safest!} (7... Qb6 8. Nxc6 bxc6 9. f3 $1 Qxb2 10. Na4 Qb4+ 11. Kf2 $44) 8. e3
e6 9. Bd3 Be7 10. O-O O-O 11. Qe2 (11. Rc1 $5) (11. Qf3 $5) 11... Rc8 12. Rac1
Be8 13. Nxc6 Bxc6 14. Rc2 Bd6 15. Bxd6 ({JD played} 15. Bg5 $5 {
Donaldson-Becerra Rivero,USA 2008.}) 15... Qxd6 16. Qf3 Rfd8 17. Rfc1 Bd7 $1
18. Qg3 Qxg3 19. hxg3 Kf8 20. f3 Be8 $11 1/2-1/2

[Event "Moscow Aeroflot op-A"]
[Site "Moscow"]
[Date "2005.02.23"]
[Round "9"]
[White "Atalik, Suat"]
[Black "Karjakin, Sergey"]
[Result "0-1"]
[WhiteElo "2560"]
[BlackElo "2599"]
[Annotator "Atalik,S"]
[PlyCount "62"]
[EventDate "2005.02.15"]
[EventType "swiss"]
[EventRounds "9"]
[EventCountry "RUS"]
[SourceTitle "CBM 106"]
[Source "ChessBase"]
[SourceDate "2005.06.06"]
[SourceVersion "1"]
[SourceVersionDate "2005.06.06"]
[SourceQuality "1"]

1. d4 d5 2. c4 c6 3. Nf3 {Normally I believe that the exchange variation is
more justified without developping the knight on f3.} Nf6 4. cxd5 cxd5 5. Nc3
Nc6 6. Bf4 a6 7. e3 Bg4 8. h3 Bxf3 9. Qxf3 e6 10. Bd3 Nb4 $5 {A weird looking
move.I have understood that the kid wants me to play a3 then he will go for
Nc6-a5.} 11. Qe2 ({Man should of course eat meat and chose this move!} 11. Bb1
Bd6 12. Bg5 h6 13. Bxf6 Qxf6 14. Qxf6 gxf6 15. Ke2 $13) (11. Rd1 Nxd3+ 12. Rxd3
Bb4 (12... Qb6 $6 13. Qe2 Bb4 14. O-O O-O 15. a3 Bxc3 16. Rxc3 Rfc8 17. Rfc1
$16) 13. Bg5 Bxc3+ 14. Rxc3 Qb6 15. Bxf6 Qxb2 16. Rb3 Qxa2 17. Rxb7 Qa1+ 18.
Ke2 Qa2+ $11) 11... Bd6 12. Bxd6 (12. Bg5 $5 {Since knights are important in
such a game I could have played} h6 13. Bxf6 Qxf6 14. O-O O-O 15. a3 Nxd3 16.
Qxd3 Rac8 17. Rac1 Rc4 18. Rc2 Rfc8 19. Rfc1 Qe7 20. Nb1 Qc7 21. Rxc4 dxc4 22.
Qe4 b5 23. Nc3 $13) 12... Qxd6 13. O-O O-O 14. Rac1 Rac8 15. Bb1 Rc7 16. Qd2 (
16. e4 $2 dxe4 17. Nxe4 Nxe4 18. Rxc7 Qxc7 19. Qxe4 g6 20. a3 Nd5 21. Ba2 Rd8
$15) 16... Rfc8 17. Ne2 $6 {Passive!} (17. Na4 {was more to the point.} Nc6 (
17... Nd7 18. Rxc7 Rxc7 19. Rc1 $11) 18. Nc5 Nd7 (18... e5 $6 19. dxe5 Qxe5 20.
Rfd1 $14) 19. Nxd7 Qxd7 20. Rc3 f5 21. Rfc1 Ne7 22. Rxc7 Rxc7 23. Rxc7 Qxc7 24.
Bd3 Nc8 25. Qc2 $11) 17... Nc6 18. Rfd1 {I was annoyed with the possibility of
Ne4 but for no reason.} (18. Ng3 g6 (18... Qb4 19. Qxb4 Nxb4 20. Rxc7 Rxc7 21.
a3 Nc6 22. Rc1 $11) 19. Rc3 Kg7 (19... Qb4 20. Rfc1 Ne7 (20... Na5 $2 21. Rxc7)
21. a3 Rxc3 22. Rxc3 Qd6 $11) (19... Na5 20. Rxc7 Qxc7 21. b3 Qc3 22. Qxc3 Rxc3
23. Ne2 Rc7 24. Rc1 $11) 20. Rfc1 $13) (18. Rc3 Ne4 19. Bxe4 dxe4 20. Rfc1 Qd5
21. Qc2 $140 Qxa2 $2 22. Rc5 $18) 18... g6 (18... Ne4 $2 19. Bxe4 dxe4 20. Ng3
f5 21. d5 Rd8 22. Nxf5 exf5 23. Qc2 Rdc8 24. dxc6 Qe6 25. Qa4 $16) 19. f3 $6 {
The beginning of later headaches.} e5 $1 {Good timing!} 20. dxe5 Qxe5 21. Rc3
Re8 $2 {He could have taken advantage of my sluggish play.} (21... Qg5 $1 22.
Kf2 Re7 23. g3 Rce8 24. h4 Qe5 $15) 22. Bc2 (22. Nf4 Rd7 23. Rd3 Qg5 24. Ne2 $1
(24. e4 $2 dxe4 25. Rxd7 e3 $1 $36) 24... Rde7 25. Nc3 Rxe3 26. Nxd5 Rxd3 $1 (
26... Nxd5 27. Rxd5 Re1+ 28. Rxe1 Rxe1+ 29. Qxe1 Qxd5 30. Kh2 $11) 27. Nxf6+
Qxf6 28. Bxd3 Rd8 $40) 22... Na5 $1 {A good move!} 23. Rxc7 ({It was possible
still possible to fight with a pawn down.} 23. Qd4 $5 Rxc3 24. Nxc3 Nc4 25.
Qxe5 (25. e4 $6 Nxb2 26. Nxd5 Nxd5 27. Qxe5 Rxe5 28. Rxd5 Rxd5 29. exd5 Kf8 $17
) 25... Rxe5 26. f4 Rxe3 27. Nxd5 Nxd5 28. Rxd5 Nxb2 29. Rd7 b5 30. Bb3 Nc4 31.
Kf2 Re6 32. Bxc4 bxc4 33. Rc7 Re4 34. Kf3 Rd4 35. a4 Kg7 36. a5 Rd5 37. Rxc4
Rxa5 38. Rc6 $11) 23... Qxc7 24. b3 $6 {When you have played Bc2 you have to
continue with Bb3 no matter what happens.} (24. Bb3 $5 Qe5 25. Kf2 $15) 24...
Nc6 25. Qc3 $4 {I was trying to get a hang on e5 square but this move is a bad
blunder.} (25. Nf4 Qe5 26. Kf2 h5 27. h4 $11) (25. Bb1 $6 Qe5 26. Kf2 h5 27.
Rc1 h4 $1 $15) 25... Qe7 $1 (25... d4 $6 {is not that effective.} 26. Nxd4 Nd5
27. Qd3 Rxe3 (27... Nxe3 28. Re1 Qb6 29. Rxe3 Rd8 30. Qe2 Nxd4 31. Qf2 Qc7 32.
Bd3 Ne6 $15) 28. Qd2 Qb6 29. Kh2 Nxd4 30. Qxd4 Qd6+ 31. Kg1 Re2 32. Qxd5 Qg3
33. f4 Rxc2 34. Qxb7 Rxa2 35. Rf1 $15 {and white survives.}) 26. Kf2 $4 {
I was blind that morning.} (26. Nf4 Nb4 27. Bb1 Qxe3+ 28. Qxe3 Rxe3 29. Kf2 Rc3
$17) (26. Nd4 Nxd4 27. exd4 Nh5 $17) 26... d4 $1 $19 27. Nxd4 Nd5 28. Qd2 $2 (
28. Nxc6 Qh4+ 29. g3 Nxc3 30. gxh4 Nxd1+ 31. Bxd1 bxc6 $19 {is the best under
circumstances but white is totally lost.}) (28. Qd3 Nxe3 29. Nxc6 Nxd1+ $19)
28... Nxe3 29. Re1 Nxd4 ({is a sophisticated alternative!} 29... Qh4+ 30. g3
Qxh3 (30... Qxd4 $4 31. Qxd4 Nxd4 32. Bd3 $11 {is an early morning daydream.})
31. Rxe3 Qh2+ 32. Ke1 Qg1+ 33. Ke2 Rxe3+ 34. Qxe3 Nxd4+ $19) 30. Qxd4 (30. Rxe3
Qxe3+ 31. Qxe3 Rxe3 32. Kxe3 Nxc2+ 33. Ke4 f5+ 34. Ke5 Ne1 $19) 30... Ng4+ 31.
fxg4 Qxe1+ {End of a disgusting game for me.} 0-1